[Event "Aragon-chT Preferente B"]
[Site "Aragon"]
[Date "2017.02.11"]
[Round "3.69"]
[White "Carruez Berges, Santiago"]
[Black "Valles Mata, David"]
[Result "1-0"]
[WhiteElo "2030"]
[BlackElo "2221"]
[PlyCount "64"]
[EventDate "2017.01.28"]
[EventType "team-tourn"]
[EventRounds "9"]
[EventCountry "ESP"]
[SourceTitle "EXT 2018"]
[Source "ChessBase"]
[SourceDate "2017.10.13"]
[SourceVersion "1"]
[SourceVersionDate "2017.10.13"]
[SourceQuality "1"]
[WhiteTeam "Agrupacion II"]
[BlackTeam "Doctor Azua"]
[WhiteTeamCountry "ESP"]
[BlackTeamCountry "ESP"]

1. e4 e6 2. d4 d5 3. Nc3 Nf6 4. e5 Nfd7 5. Bf4 c5 6. Nf3 Nc6 7. Be3 a6 8. Qd2 cxd4 9. Nxd4 Bc5 10. 0-0-0 0-0 11. h4 Nxd4 12. Bxd4 b5 13. a3 Qc7 14. Bxc5 Nxc5 15. Qd4 Bb7 16. Kb1 Rac8 17. Bd3 Nxd3 18. Rxd3 a5 19. Rd2 Ba6 20. Rhd1 Rb8 21. Na2 Rfc8 22. g3 b4 23. axb4 Qe7 24. bxa5 Rc4 25. Qe3 Re4 26. Qc3 Rc4 27. Qe3 Ra4 28. Rd4 Bc4 29. Rxc4 dxc4 30. Qc3 Qa3 31. Rd8+ Rxd8 32. bxa3 Rxa3 1-0

[Event "Aragon-chT Preferente Ascenso playoff"]
[Site "Aragon"]
[Date "2015.03.28"]
[Round "10.25"]
[White "Cifuentes Parada, Roberto"]
[Black "Valles Mata, David"]
[Result "1/2-1/2"]
[WhiteElo "2461"]
[BlackElo "2196"]
[PlyCount "124"]
[EventDate "2015.03.28"]
[EventType "team-tourn"]
[EventRounds "10"]
[EventCountry "ESP"]
[SourceTitle "EXT 2017"]
[Source "ChessBase"]
[SourceDate "2016.10.25"]
[SourceVersion "1"]
[SourceVersionDate "2016.10.25"]
[SourceQuality "1"]
[WhiteTeam "Jaque"]
[BlackTeam "La Aurora Estadilla"]
[WhiteTeamCountry "ESP"]
[BlackTeamCountry "ESP"]

1. d4 Nf6 2. c4 g6 3. Nc3 Bg7 4. e4 d6 5. f4 0-0 6. Nf3 c5 7. dxc5 dxc5 8. Bd3 Bg4 9. e5 Nfd7 10. Be4 Nc6 11. Be3 f6 12. Bd5+ e6 13. Bxc6 bxc6 14. exf6 Bxf6 15. 0-0 e5 16. fxe5 Bxe5 17. h3 Bxf3 18. Rxf3 Qe7 19. Rxf8+ Rxf8 20. Qd3 Bc7 21. Rf1 Rxf1+ 22. Kxf1 Qf7+ 23. Ke2 Ne5 24. Qe4 Nxc4 25. Bxc5 Nxb2 26. Bxa7 Nc4 27. Bd4 Qd7 28. Na4 Nd6 29. Qe5 Qe8 30. Nc5 Qxe5+ 31. Bxe5 Nb5 32. Bxc7 Nxc7 33. a4 Kf7 34. Kd3 Ke7 35. Kd4 Nd5 36. a5 Kd6 37. a6 Nb6 38. g4 h6 39. Ne4+ Kc7 40. Nf6 Na4 41. Ng8 Kb6 42. Nxh6 Kxa6 43. Nf7 Kb6 44. h4 c5+ 45. Kd5 Nc3+ 46. Ke5 Nb5 47. Kf6 c4 48. Ne5 c3 49. Nd3 c2 50. Kxg6 Nd4 51. h5 Kb5 52. Nc1 Ka4 53. h6 Nb3 54. h7 Nxc1 55. h8Q Nb3 56. Qa8+ Kb4 57. Qe4+ Kc3 58. Qc6+ Kb2 59. Kf6 c1Q 60. Qxc1+ Nxc1 61. Ke5 Ne2 62. g5 Ng3 1/2-1/2

[Event "Aragon-chT Honor II"]
[Site "Spain"]
[Date "2011.02.12"]
[Round "2.22"]
[White "Valles Mata, David"]
[Black "Glavina, Pablo"]
[Result "0-1"]
[WhiteElo "2152"]
[BlackElo "2462"]
[PlyCount "40"]
[EventDate "2011.02.05"]
[EventType "team-tourn"]
[EventRounds "7"]
[EventCountry "ESP"]
[SourceTitle "EXT 2013"]
[Source "ChessBase"]
[SourceDate "2012.11.22"]
[SourceVersion "1"]
[SourceVersionDate "2012.11.22"]
[SourceQuality "1"]
[WhiteTeam "La Aurora Estadilla"]
[BlackTeam "St Casablanca"]
[WhiteTeamCountry "ESP"]
[BlackTeamCountry "ESP"]

1. e4 e5 2. Nf3 Nc6 3. Bb5 Bc5 4. 0-0 Qf6 5. c3 Nge7 6. d4 exd4 7. Bg5 Qg6 8. Bxe7 Nxe7 9. cxd4 Bb6 10. Nc3 0-0 11. Re1 d6 12. Qd3 c6 13. Bc4 Bg4 14. d5 Qf6 15. Re2 Ng6 16. Rd2 Nf4 17. e5 dxe5 18. Qe4 Rae8 19. Ne1 Qg5 20. Qc2 e4 0-1

[Event "La Roda op 37th"]
[Site "La Roda"]
[Date "2010.04.01"]
[Round "2"]
[White "Granero Roca, Antonio"]
[Black "Valles Mata, David"]
[Result "1-0"]
[WhiteElo "2447"]
[BlackElo "2147"]
[PlyCount "55"]
[EventDate "2010.03.31"]
[EventType "swiss"]
[EventRounds "9"]
[EventCountry "ESP"]
[SourceTitle "CBM 135 Extra"]
[Source "ChessBase"]
[SourceDate "2010.05.04"]
[SourceVersion "1"]
[SourceVersionDate "2010.05.04"]
[SourceQuality "1"]

1. Nf3 d5 2. c4 e6 3. d4 Nf6 4. g3 dxc4 5. Bg2 c5 6. 0-0 a6 7. a4 Nc6 8. dxc5 Qxd1 9. Rxd1 Bxc5 10. Nbd2 c3 11. bxc3 Ke7 12. Nb3 Bd6 13. Nfd4 Bd7 14. Nxc6+ Bxc6 15. Bxc6 bxc6 16. Na5 Ne4 17. Rd3 Rhc8 18. f3 Bc5+ 19. Kg2 Nd6 20. Bf4 f6 21. Nb3 e5 22. Nxc5 exf4 23. Rad1 Rd8 24. gxf4 Nc4 25. Rd7+ Ke8 26. R1d4 Ne3+ 27. Kf2 Nf5 28. Re4+ 1-0

[Event "Aragon-chT Preferente"]
[Site "Spain"]
[Date "2010.03.13"]
[Round "8.6"]
[White "Fontana Sotomayour, Luis Javier"]
[Black "Valles Mata, David"]
[Result "1-0"]
[WhiteElo "2353"]
[BlackElo "2150"]
[PlyCount "137"]
[EventDate "2010.01.23"]
[EventType "team-swiss"]
[EventRounds "12"]
[EventCountry "ESP"]
[SourceTitle "EXT 2013"]
[Source "ChessBase"]
[SourceDate "2012.11.22"]
[SourceVersion "1"]
[SourceVersionDate "2012.11.22"]
[SourceQuality "1"]
[WhiteTeam "Jaime Casas"]
[BlackTeam "La Aurora Estadilla"]
[WhiteTeamCountry "ESP"]
[BlackTeamCountry "ESP"]

1. e4 c5 2. Nc3 Nc6 3. g3 g6 4. Bg2 Bg7 5. d3 d6 6. f4 e6 7. Nf3 Nge7 8. 0-0 0-0 9. Be3 b6 10. d4 Ba6 11. Re1 Qc7 12. Qd2 Na5 13. Rad1 Nc4 14. Qc1 Nxe3 15. Qxe3 Rad8 16. Rd2 d5 17. e5 Nf5 18. Qf2 Rc8 19. Nd1 Nxd4 20. Nxd4 cxd4 21. Qxd4 Qc5 22. c3 Qxd4+ 23. Rxd4 Rc4 24. Rd2 Rc7 25. Ne3 Rfc8 26. Nc2 Bf8 27. Nd4 Bc5 28. Kf2 Kf8 29. g4 Bxd4+ 30. Rxd4 Rc4 31. Red1 Rxd4 32. Rxd4 Rc4 33. Rxc4 Bxc4 34. b3 Bd3 35. Ke3 Bb1 36. a3 Bc2 37. b4 Ke7 38. Bf3 Kd7 39. Kd4 Kc7 40. Be2 Kc6 41. c4 dxc4 42. Bxc4 Bd1 43. h3 Bc2 44. Be2 Bb1 45. Bf3+ Kd7 46. Bd1 Ba2 47. Ba4+ Kd8 48. Bc6 Bb3 49. a4 Bd1 50. a5 Be2 51. axb6 axb6 52. Ke3 Bf1 53. h4 Bh3 54. Bf3 Bf1 55. Ke4 Bb5 56. Ke3 Bf1 57. Be4 Bh3 58. Kf3 Bf1 59. h5 Ke7 60. h6 Bb5 61. f5 Be8 62. Kf4 Kf8 63. Kg5 exf5 64. gxf5 Bd7 65. fxg6 fxg6 66. Kf6 Be8 67. e6 Kg8 68. e7 Kh8 69. Bd5 1-0

[Event "Aragon-chT Preferente"]
[Site "Spain"]
[Date "2010.02.06"]
[Round "3.6"]
[White "Valles Mata, David"]
[Black "Glavina, Pablo"]
[Result "1/2-1/2"]
[WhiteElo "2150"]
[BlackElo "2478"]
[PlyCount "46"]
[EventDate "2010.01.23"]
[EventType "team-swiss"]
[EventRounds "12"]
[EventCountry "ESP"]
[SourceTitle "EXT 2013"]
[Source "ChessBase"]
[SourceDate "2012.11.22"]
[SourceVersion "1"]
[SourceVersionDate "2012.11.22"]
[SourceQuality "1"]
[WhiteTeam "La Aurora Estadilla"]
[BlackTeam "St Casablanca"]
[WhiteTeamCountry "ESP"]
[BlackTeamCountry "ESP"]

1. e4 e5 2. Nf3 Nc6 3. Bb5 a6 4. Bxc6 dxc6 5. 0-0 Bd6 6. d4 exd4 7. Qxd4 f6 8. Be3 Ne7 9. Nbd2 Be6 10. Rfd1 0-0 11. Nc4 Bxh2+ 12. Kxh2 Qxd4 13. Rxd4 c5 14. Rd2 Bxc4 15. Bxc5 Rf7 16. b3 Be6 17. Nd4 Bd7 18. Rad1 Re8 19. c4 Bc8 20. f3 h5 21. Nc2 Nc6 22. Nb4 Nxb4 23. Bxb4 Kh7 1/2-1/2

[Event "Aragon-chT"]
[Site "Aragon"]
[Date "2009.01.31"]
[Round "2"]
[White "Ramon Perez, Jose Luis"]
[Black "Valles Mata, David"]
[Result "1/2-1/2"]
[WhiteElo "2315"]
[BlackElo "2147"]
[PlyCount "64"]
[EventDate "2009.01.24"]
[EventType "team-swiss"]
[EventRounds "9"]
[EventCountry "ESP"]
[SourceTitle "EXT 2011"]
[Source "ChessBase"]
[SourceDate "2010.11.26"]
[SourceVersion "1"]
[SourceVersionDate "2010.11.26"]
[SourceQuality "1"]

1. e4 e6 2. d4 d5 3. e5 c5 4. c3 Nc6 5. Nf3 Bd7 6. a3 f6 7. Bd3 fxe5 8. Nxe5 Nxe5 9. dxe5 Ne7 10. 0-0 Qc7 11. Re1 0-0-0 12. b4 c4 13. Bc2 Nc6 14. f4 Be7 15. Be3 h6 16. Bg6 Kb8 17. Qh5 Be8 18. Nd2 Rf8 19. Bxe8 Rfxe8 20. Nf3 g5 21. Qxh6 gxf4 22. Bf2 Bf8 23. Qxf4 Qh7 24. Nd4 Bh6 25. Nxc6+ bxc6 26. Qd4 Rh8 27. Bg3 Rdg8 28. Rf1 Rxg3 29. hxg3 Bg5 30. Kf2 Qc2+ 31. Kg1 Qh7 32. Kf2 Qc2+ 1/2-1/2

[Event "Aragon-chT"]
[Site "Aragon"]
[Date "2009.01.24"]
[Round "1"]
[White "Antonano Fedz Quincoces, Avelino"]
[Black "Valles Mata, David"]
[Result "0-1"]
[WhiteElo "2102"]
[BlackElo "2147"]
[PlyCount "82"]
[EventDate "2009.01.24"]
[EventType "team-swiss"]
[EventRounds "9"]
[EventCountry "ESP"]
[SourceTitle "EXT 2011"]
[Source "ChessBase"]
[SourceDate "2010.11.26"]
[SourceVersion "1"]
[SourceVersionDate "2010.11.26"]
[SourceQuality "1"]

1. e4 c5 2. Nf3 Nc6 3. d4 cxd4 4. Nxd4 Nf6 5. Nc3 e5 6. Ndb5 d6 7. a4 a6 8. Na3 Bg4 9. f3 Be6 10. Bc4 Rc8 11. 0-0 Nb4 12. Bd5 Nbxd5 13. Nxd5 Nxd5 14. exd5 Bd7 15. c4 Be7 16. Kh1 0-0 17. b4 f5 18. Be3 f4 19. Bf2 Rf6 20. a5 Rh6 21. g4 fxg3 22. Bxg3 Bh4 23. Qe1 Bxg3 24. Qxg3 Rh3 25. Qg2 Qf6 26. Rac1 Rf8 27. c5 Rh6 28. Qe2 Bh3 29. Rf2 Qf5 30. Nc4 Qf4 31. Rc2 Rhf6 32. cxd6 e4 33. Qe3 Qxe3 34. Nxe3 exf3 35. Rc7 Rxd6 36. Rxb7 g5 37. Rb6 Rdd8 38. Rxa6 Rde8 39. Nf1 Re1 40. Kg1 Rf4 41. Rh6 Rg4+ 0-1

[Event "Aragon-chT"]
[Site "Aragon"]
[Date "2008.03.08"]
[Round "6"]
[White "Carraminana Lopez, Luis Antonio"]
[Black "Valles Mata, David"]
[Result "1-0"]
[WhiteElo "1958"]
[BlackElo "2107"]
[PlyCount "125"]
[EventDate "2008.02.02"]
[EventType "team-swiss"]
[EventRounds "12"]
[EventCountry "ESP"]
[SourceTitle "EXT 2011"]
[Source "ChessBase"]
[SourceDate "2010.11.26"]
[SourceVersion "1"]
[SourceVersionDate "2010.11.26"]
[SourceQuality "1"]

1. e4 e6 2. d4 d5 3. Nd2 c5 4. Ngf3 Nc6 5. c3 Nf6 6. e5 Nd7 7. Bd3 f6 8. exf6 Nxf6 9. 0-0 cxd4 10. cxd4 Bd6 11. b3 0-0 12. Bb2 Qc7 13. Rc1 Bd7 14. Ne5 Rae8 15. Ndf3 Re7 16. Qd2 Be8 17. Qf4 Qb8 18. Qh4 g6 19. Rce1 Nh5 20. Bc1 Ng7 21. Ng4 Bf4 22. Ng5 h5 23. Nh6+ Kh8 24. Nhf7+ Rexf7 25. Nxf7+ Rxf7 26. Bxg6 Rf8 27. Bxe8 Nxe8 28. Qxh5+ Kg8 29. Rxe6 Ng7 30. Bxf4 Nxh5 31. Bxb8 Rxb8 32. Rd6 Rd8 33. Rxd8+ Nxd8 34. f4 Kf7 35. g4 Nf6 36. h3 Nc6 37. Rc1 Ne4 38. b4 a6 39. a4 Nd6 40. b5 axb5 41. axb5 Nxb5 42. Rc5 Nc7 43. Kf2 Ke6 44. Ke3 Kd6 45. f5 b6 46. Rc1 Nb5 47. Rb1 Ncxd4 48. f6 Ke6 49. g5 Nf5+ 50. Kf4 Nfd6 51. h4 d4 52. h5 Nc3 53. Re1+ Kf7 54. Ke5 d3 55. g6+ Kf8 56. Kxd6 d2 57. g7+ Kf7 58. Rg1 d1Q+ 59. Rxd1 Nxd1 60. h6 Nf2 61. h7 Ne4+ 62. Kc6 Nxf6 63. h8Q 1-0

[Event "ESP Autonomico-chT"]
[Site "Spain"]
[Date "2006.03.11"]
[Round "6.38"]
[White "Lopez Guaita, Fernando"]
[Black "Valles Mata, David"]
[Result "1-0"]
[WhiteElo "2005"]
[BlackElo "2106"]
[PlyCount "129"]
[EventDate "2006.02.04"]
[EventType "team"]
[EventRounds "9"]
[EventCountry "ESP"]
[SourceTitle "EXT 2007"]
[Source "ChessBase"]
[SourceDate "2006.11.23"]
[SourceVersion "1"]
[SourceVersionDate "2006.11.23"]
[SourceQuality "1"]

1. e4 e6 2. Qe2 c5 3. Nf3 Nc6 4. g3 Nge7 5. Bg2 d5 6. d3 dxe4 7. dxe4 e5 8. c3 Ng6 9. 0-0 Be7 10. Nbd2 Be6 11. Rd1 Qc8 12. Nf1 Bh3 13. Ne3 Bxg2 14. Kxg2 0-0 15. Nd5 Qg4 16. Nxe7+ Ncxe7 17. Bg5 Rfd8 18. h3 Qe6 19. b3 h6 20. Be3 b6 21. Rxd8+ Rxd8 22. Rd1 Rd6 23. Rxd6 Qxd6 24. Nd2 f5 25. exf5 Nxf5 26. Ne4 Qd5 27. Bc1 Nd6 28. f3 Nf5 29. Qd2 Qxd2+ 30. Bxd2 Kf7 31. h4 Ke6 32. h5 Nf8 33. g4 Ne7 34. Kf2 Nd5 35. Ng3 Ne7 36. Ke2 Nd7 37. Kd3 Nf6 38. b4 cxb4 39. cxb4 Nfd5 40. Kc4 a6 41. b5 a5 42. a4 Nc8 43. Nf5 Nd6+ 44. Nxd6 Kxd6 45. Bc1 Ke6 46. Ba3 Ne3+ 47. Kd3 Nd5 48. Bf8 Kf7 49. Bd6 Ke6 50. Ba3 Nf6 51. Bf8 Kf7 52. Bd6 Ke6 53. Ba3 Nd5 54. Bb2 Nf6 55. Ke3 Nd5+ 56. Ke4 Nf6+ 57. Kd3 Nd5 58. f4 Nxf4+ 59. Ke4 g5 60. Bxe5 Nd3 61. Bg7 Nc5+ 62. Kd4 Nd7 63. Bxh6 Kf6 64. Kd5 Ne5 65. Bg7+ 1-0

[Event "ESP Autonomico-chT"]
[Site "Spain"]
[Date "2006.03.04"]
[Round "5.53"]
[White "Gavin Roche, Enrique"]
[Black "Valles Mata, David"]
[Result "1/2-1/2"]
[WhiteElo "2265"]
[BlackElo "2106"]
[PlyCount "130"]
[EventDate "2006.02.04"]
[EventType "team"]
[EventRounds "9"]
[EventCountry "ESP"]
[SourceTitle "EXT 2007"]
[Source "ChessBase"]
[SourceDate "2006.11.23"]
[SourceVersion "1"]
[SourceVersionDate "2006.11.23"]
[SourceQuality "1"]

1. d4 Nf6 2. c4 g6 3. Nc3 Bg7 4. e4 d6 5. Be2 0-0 6. Nf3 e5 7. d5 Na6 8. Bg5 h6 9. Bh4 g5 10. Bg3 Nxe4 11. Nxe4 f5 12. Nc3 f4 13. Nd2 Nc5 14. 0-0 Bf5 15. f3 fxg3 16. hxg3 Bg6 17. Nde4 Nxe4 18. Nxe4 Bxe4 19. fxe4 Rxf1+ 20. Qxf1 Qf6 21. Qe1 Qg6 22. Bg4 h5 23. Be6+ Kh8 24. g4 hxg4 25. Bxg4 Bf6 26. Qe2 Kg7 27. Bh5 Qh7 28. Kf2 Rf8 29. Ke3 Be7 30. g3 Qh6 31. Rh1 Qf6 32. Bg4 Rh8 33. Bh5 Rf8 34. Bg4 Rh8 35. Rf1 Qh6 36. Be6 Rf8 37. Rxf8 Bxf8 38. Qg4 Qf6 39. Ke2 b6 40. b4 Qh6 41. Qf3 Qf6 42. Qh5 Qg6 43. Qxg6+ Kxg6 44. g4 Kf6 45. Bf5 a5 46. bxa5 bxa5 47. Kd3 Ke7 48. Kc3 c6 49. Kb3 Kd8 50. Ka4 Kc7 51. Kxa5 Be7 52. Ka6 cxd5 53. cxd5 Bd8 54. Ka7 Be7 55. a4 Bf6 56. a5 Bd8 57. Be6 Be7 58. Bd7 Bd8 59. Bc6 Kc8 60. Bb7+ Kc7 61. Bc6 Kc8 62. Ka6 Kb8 63. Kb5 Ka7 64. a6 Bb6 65. Bb7 Bc5 1/2-1/2

[Event "ESP Autonomico-chT"]
[Site "Spain"]
[Date "2006.02.25"]
[Round "4.38"]
[White "Gutierrez Mingueza, Ruben"]
[Black "Valles Mata, David"]
[Result "1/2-1/2"]
[WhiteElo "2096"]
[BlackElo "2106"]
[PlyCount "66"]
[EventDate "2006.02.04"]
[EventType "team"]
[EventRounds "9"]
[EventCountry "ESP"]
[SourceTitle "EXT 2007"]
[Source "ChessBase"]
[SourceDate "2006.11.23"]
[SourceVersion "1"]
[SourceVersionDate "2006.11.23"]
[SourceQuality "1"]

1. d4 Nf6 2. c4 g6 3. Nc3 Bg7 4. g3 0-0 5. Bg2 d6 6. Nf3 Nbd7 7. 0-0 e5 8. e4 c6 9. h3 Qa5 10. Be3 Qb4 11. Qb3 Qxb3 12. axb3 exd4 13. Nxd4 Re8 14. b4 Ne5 15. b3 Nd3 16. b5 Bd7 17. bxc6 bxc6 18. Nde2 Nc5 19. Bxc5 dxc5 20. f4 Nxe4 21. Nxe4 Bxh3 22. N4c3 Bxg2 23. Kxg2 Re3 24. Rac1 Rb8 25. Rf3 Rxf3 26. Kxf3 Rxb3 27. Ke4 a5 28. Kd3 a4 29. Ra1 a3 30. Ra2 h6 31. Kc2 Rb4 32. Kd3 Rb3 33. Kc2 Rb4 1/2-1/2